| 000 | 00683nam a2200205 a 4500 | ||
|---|---|---|---|
| 008 | 120416s1973 xx |||||||||||||| || u | ||
| 020 | _a0117003409 | ||
| 050 | _aPE 1421 Gow | ||
| 100 | _aGowers, Ernest | ||
| 245 | 1 | 4 | _aThe complete plain words. (2nd ed.) |
| 250 | _a2nd ed. | ||
| 260 |
_a _bH.M.S.O _c1973 |
||
| 300 | _ax, 240p. | ||
| 350 | _a0.00 | ||
| 650 | _aENGLISH LANGUAGE--STYLE | ||
| 650 | _aENGLISH LANGUAGE--ERRORS OF USAGE | ||
| 650 | _aENGLISH LANGUAGE--TERMS AND PHRASES | ||
| 700 | _aFraser, Bruce | ||
| 995 |
_D0.00 _FCBU-MAIN LIBRARY (Kitwe) _H1 _I21.95 _M1 _UAVAILABLE _ZMain Library Open Access Collection |
||
| 999 |
_c38149 _d38149 |
||